[Event "Linares 22nd"]
[Site "Linares"]
[Date "2005.03.10"]
[Round "14"]
[White "Anand, Viswanathan"]
[Black "Adams, Michael"]
[Result "0-1"]
[WhiteElo "2786"]
[BlackElo "2741"]
[Annotator "Tyomkin,D"]
[PlyCount "104"]
[EventDate "2005.02.23"]
[EventType "tourn"]
[EventRounds "14"]
[EventCountry "ESP"]
[EventCategory "20"]
[SourceTitle "CBM 106"]
[Source "ChessBase"]
[SourceDate "2005.06.06"]
[SourceVersion "1"]
[SourceVersionDate "2005.06.06"]
[SourceQuality "1"]

1. d4 Nf6 2. Nf3 e6 3. c4 b6 4. g3 Ba6 5. b3 Bb4+ 6. Bd2 Be7 7. Bg2 c6 8. Bc3
d5 9. Ne5 Nfd7 10. Nxd7 Nxd7 11. Nd2 O-O 12. O-O Rc8 13. e4 b5 14. Re1 dxe4 15.
Bxe4 bxc4 16. Nxc4 {After 16.bxc4 black equalizes easily;} (16. bxc4 c5 (16...
Nb6 17. c5 Nd5 18. Qc2 g6 19. Nf3 Bf6 20. Ne5 Qc7 21. h4 Rfd8 22. Bd2 Bg7 23.
Rad1 Ne7 24. Qc3 Bb5 25. Bc2 $16 {1-0 Karpov,A-Adorjan,A/Luzern 1989/Inf 48/
[Karpov,An] (38)}) 17. d5 exd5 18. Bxd5 Nb6 (18... Bf6 19. Ne4 Bxc3 20. Nxc3
Nb6 21. Qd3 (21. Qg4 Qf6 (21... Bxc4 $5 22. Bxc4 $140 Qd4 {and white should
fight for a draw;}) 22. Rac1 Qd4 23. Re4 Qd2 24. Qf4 Qxf4 25. Rxf4 {1/2-1/2
Polak,T-Shneider,A/Bern 1995/EXT 2000}) 21... Qf6 (21... Bb7 $5 $10 {Hansen,Cu}
) 22. Rad1 Rfd8 23. Re4 Rf8 $2 (23... Rd7 $14 {Hansen,Cu} 24. Qe3 g6 25. Re8+ (
25. Rf4 {Dautov} Qg7 26. Re1 $36 {><f6,f7}) 25... Rxe8 26. Qxe8+ Kg7 27. Ne4
Qe7 28. Qxe7 Rxe7 29. Nxc5 Bxc4 $10) 24. Rde1 {1-0 Neverov,V-Gurevich,V/Azov
1995/CBM 046/[Hansen,Cu] (36)}) 19. Ba5 Rb8 20. Qf3 Qd6 {1/2-1/2 Wells,
P-Lautier,J/Austria 1999/EXT 2000}) 16... Nb6 $146 {Black tested 16...Nf6 and
16...c5 in the past;} (16... c5 17. d5 exd5 18. Qxd5 Bf6 19. Rac1 Bxc3 20. Rxc3
Nf6 21. Qxd8 Rfxd8 22. Bf3 $14 {0-1 Selin,O-Zavgorodniy,S/Alushta 2002/CBM 092
(40)}) (16... Nf6 17. Bg2 c5 18. Rc1 Bxc4 19. bxc4 cxd4 20. Bxd4 Bc5 21. Bxc5
$2 (21. Bc3 $142 {keeping pair of bishops advantage.}) 21... Rxc5 22. Qxd8 Rxd8
23. Red1 Rdc8 $15 {0-1 Pieniazek,A-Shneider,A/Cappelle la Grande 1995/EXT 97 
(60)}) 17. Nxb6 {This leads to a good play of black. 17.Ba5 is sharper but
seems like black does well there too;} (17. Ba5 c5 18. Ne5 Bf6 (18... cxd4 19.
Nc6 Qd7 20. Qxd4 (20. Nxe7+ Qxe7 21. Qxd4 $14 {^^}) 20... Qxd4 21. Nxd4 Bf6 22.
Nc6 $1 $14) 19. Nc6 Qd7 20. dxc5 Nd5 21. Bxd5 exd5 22. Ne5 Bxe5 23. Rxe5 d4 $1
$132) 17... axb6 (17... Qxb6 18. Rc1 $14 {white has more space and better pawn
structure.}) 18. Qc2 h6 19. a4 Qc7 20. Red1 Rfd8 $11 21. Rac1 Qa7 22. Bb2 b5 (
22... Bb7 {[%cal Ge7f6,Ga7a8] and black position looks preferable.}) 23. Ra1
bxa4 24. bxa4 $2 {Serious inaccuracy. White should have played 24.Rxa4 keeping
the balance.} (24. Rxa4 Qb6 25. Bc3 Rd7 $11) 24... Bf6 25. Qd2 $2 {This move
makes things even worse for white.} (25. a5 $142 Bxd4 26. Bxd4 Rxd4 27. Rxd4
Qxd4 28. Rd1 Qe5 29. Qxc6 Qxa5 {definitely better than in the game, but no fun
anyhow.}) (25. Bh7+ Kh8 26. Be4 Bxd4 27. Bxd4 Rxd4 28. Rxd4 Qxd4 29. Rd1 Qc4
$17) 25... c5 26. d5 Bxb2 27. Qxb2 Bb7 28. Qe5 Qa8 {and white loses his
central pawn for nothing.} 29. a5 Bxd5 30. Bxd5 exd5 31. a6 d4 $19 {Two
connectors decide the game easily.} 32. Rd3 (32. a7 Rd7 33. Qf5 Rcc7 34. Ra5 c4
$19) 32... Rd7 33. h4 Qa7 34. Rb3 c4 35. Rb4 c3 36. Qf5 g6 $2 {Time trouble
blunder. 36...c2 would finish the game on a spot.} (36... c2 37. Rc1 d3 $19)
37. Qd3 {Now white manages to stop black pawns for a while.} c2 38. Rc1 Rc3 39.
Qd2 Qxa6 {There is nothing better- black must trade one of his connectors for
a-pawn of white. Despite of that, black si winning anyhow.} 40. Rxc2 Qc6 41.
Rbb2 Kh7 42. Qd1 h5 43. Kh2 Rc7 44. Rxc3 dxc3 45. Rc2 Qe4 {The winning plan
for black is to get the rook to a third rank then hurting white king as well 
(the principle of two weaknesses: one is passed pawn c3, the other is white
king); White pieces must stay passive and unable to hold the defense.} 46. Rc1
Kg7 47. Rc2 Rc8 48. Rc1 Rc5 {c2-c3 advance is possible but not any necessary-
black wins it easily now transferring the rook to a kingside.} 49. Kg1 Kh7 50.
Qd6 (50. Qc2 Qf3 51. Qd1 Qxd1+ 52. Rxd1 c2 53. Rc1 f6 54. Kf1 g5 {and black is
dead winning here.}) 50... Rf5 $1 {here it is! RxP fails to Qe1+} 51. Qd7 Rf3
52. Qa7 Qd5 $1 {putting the finishing touch. Qd2 is coming next winning more
material. One of the worst games of Indian King Vishy....} (52... Qd5 53. Kg2
c2 {[%cal Gf3a3,Gd5d2]}) 0-1

[Event "Dortmund SuperGM 33rd"]
[Site "Dortmund"]
[Date "2005.07.08"]
[Round "1"]
[White "Adams, Michael"]
[Black "Topalov, Veselin"]
[Result "1-0"]
[WhiteElo "2719"]
[BlackElo "2788"]
[Annotator "Huzman,A"]
[PlyCount "109"]
[EventDate "2005.07.07"]
[EventType "tourn"]
[EventRounds "9"]
[EventCountry "GER"]
[EventCategory "19"]
[SourceTitle "CBM 108"]
[Source "ChessBase"]
[SourceDate "2005.09.26"]
[SourceVersion "1"]
[SourceVersionDate "2005.09.26"]
[SourceQuality "1"]

1. e4 e5 2. Nf3 Nf6 3. d4 Nxe4 4. Bd3 d5 5. Nxe5 Nd7 6. Nxd7 Bxd7 7. O-O Bd6 8.
Nc3 Nxc3 9. bxc3 O-O 10. Qh5 f5 11. Re1 c6 12. Bg5 Qc7 13. c4 Be8 14. Qh3 (14.
Qh4 dxc4 15. Bxc4+ Bf7 16. Bd3 Bg6 17. Re6 Rae8 18. Rae1 Qa5 $1 $132 {1/2-1/2
Dominguez,L-Gelfand,B/Bermuda BER 2005/(31)}) 14... h6 $6 {Black weakens his
pawn structure on the king's side without a good reason.} (14... dxc4 15. Bxc4+
Bf7 16. Be6 g6 (16... Bxe6 17. Rxe6 Rae8 18. Rae1 Rxe6 19. Rxe6 Qd7 (19... c5
$132 {Huzman}) 20. Qb3 Rf7 21. h4 f4 22. h5 h6 23. Bh4 Kf8 $11 {1/2-1/2
Kveinys,A-Rytshagov,M/Riga LAT 2004/(39)}) 17. Re2 Rfe8 (17... Bxe6 $142 18.
Rxe6 Rae8 $11) 18. Rae1 Bf8 $2 19. Qb3 $1 $16 {1-0 Dominguez,L-Tkachiev,V/
Tripolis Fide-WM (3.1) sp04/8 2004 (34)}) 15. Bd2 (15. c5 $5 Bxh2+ (15... Bxc5
16. dxc5 hxg5 17. Bxf5 g6 18. Be6+ Bf7 19. Qh6 $18) 16. Qxh2 Qxh2+ 17. Kxh2
hxg5 18. Rab1 b5 (18... Rf7 19. Re5 g6 20. g4 fxg4 21. Bxg6 Rxf2+ 22. Kg3 Rf8
23. Bd3 $16 (23. Bxe8 Raxe8 24. Rxg5+ Kf7 25. Rxb7+ Kf6 26. Rbg7 Re4 27. R7g6+
Ke7 28. Rxg4 $16)) 19. cxb6 axb6 20. Rxb6 Rxa2 21. Re7 $44) 15... Qf7 {After
this move White receives a space advantage and full control over the dark
squares.} (15... dxc4 16. Bxc4+ Bf7 17. Bd3 Bg6 18. Re6 Bf7 19. Re2 Bg6 20.
Rae1 $16) 16. c5 $1 Bc7 17. Rab1 Qd7 (17... Rb8 18. Qh4 $1 Bd8 19. Qg3 f4 20.
Bxf4 Qxf4 21. Rxe8 Qxg3 22. Rxf8+ Kxf8 23. hxg3 $16) 18. Qf3 $1 $16 {[%cal
Gd2f4][%mdl 32]} Bg6 (18... b6 19. Bf4 $16) 19. h4 (19. Bf4 $5 Ba5 20. Re5 $16)
19... Qf7 20. Bf4 Ba5 21. Rec1 (21. Re5 Bd8 $1 $132 {[%cal Yd8f6,Yf6d4,Yf6h4]})
21... Bh5 22. Qg3 b5 (22... Bc3 $142 23. Ba6 $1 bxa6 (23... Bxd4 24. Bxb7 Rae8
25. Bxc6 Re2 26. Rf1 $16 {[%cal Gb1b7]}) 24. Qxc3 $16) 23. cxb6 Bxb6 (23...
axb6 24. c4 $16 {[%csl Ra5]}) 24. c3 Kh7 25. Be5 Qg6 26. Qf4 Rae8 27. Re1 Kg8
28. f3 {[%cal Gg2g4]} Qf7 29. Bd6 Rxe1+ 30. Rxe1 Re8 (30... Rd8 31. Bb4 Bg6 32.
Re7 Qf6 33. Qe5 (33. h5 $5 Bxh5 34. Qxf5 Qxf5 35. Bxf5 $16 {[%csl Rc6][%cal
Gf5d7]} Be8 36. Rb7 $1 Ra8 37. Be6+ Kh7 38. Bd6 $18) 33... Qxe5 34. Rxe5 $16)
31. Rxe8+ Qxe8 32. Be5 $18 {[%mdl 4]} Bg6 33. Bxf5 Qf7 34. Bc8 $1 Qxf4 35. Bxf4
Ba5 (35... c5 36. Be3 $16) 36. Bb8 $1 a6 (36... Bxc3 37. Bxa7 Bb1 38. a3 $18 {
[%cal Ga7c5]}) (36... Bb6 37. Bd6 $16) 37. Bxa6 Bb1 38. a3 Bxc3 39. Ba7 Bc2 40.
h5 Kf7 41. Kf2 Bb2 (41... Bd2 42. Bc5 (42. Ke2 $6 Bf4 43. Bd3 Bb3 $16 {[%csl
Re2][%cal Yf4c1,Yb3d1]}) 42... Kf6 43. Bc8 $1 Bf4 44. Bd7 Ba4 45. g3 Bd2 46. f4
$18 {[%cal Gg3g4]}) 42. Bc5 Bc1 43. Ke1 Bf4 44. Be2 Bb3 45. g4 Ba4 46. Bd1 Bg3+
47. Ke2 Bb5+ 48. Ke3 Bc7 49. a4 Bc4 50. Bb4 Bh2 51. Kf2 g6 52. hxg6+ Kxg6 53.
Be2 Bg1+ 54. Kxg1 Bxe2 55. Kf2 1-0

[Event "Corus"]
[Site "Wijk aan Zee"]
[Date "2006.01.15"]
[Round "2"]
[White "Adams, Michael"]
[Black "Topalov, Veselin"]
[Result "1-0"]
[WhiteElo "2707"]
[BlackElo "2801"]
[Annotator "Ftacnik,L"]
[PlyCount "83"]
[EventDate "2006.01.14"]
[EventType "tourn"]
[EventRounds "13"]
[EventCountry "NED"]
[EventCategory "19"]
[SourceTitle "CBM 111"]
[Source "ChessBase"]
[SourceDate "2006.04.04"]
[SourceVersion "1"]
[SourceVersionDate "2006.04.04"]
[SourceQuality "1"]

1. e4 c5 2. Nf3 d6 3. d4 cxd4 4. Nxd4 Nf6 5. Nc3 a6 6. Be2 e6 7. O-O Be7 8. a4
Nc6 9. Be3 O-O 10. f4 Qc7 11. Kh1 Re8 {One of very often played basic position
of Scheveningen Sicilian defense. Black has to play exactly and the first
player can choose from many concepts trying for the advantage.} 12. Bf3 Bf8 13.
Qd2 (13. Nb3 b6 14. e5 dxe5 15. fxe5 Nd7 16. Bxc6 Qxc6 17. Nd4 Qb7 18. Qh5 g6
19. Qh4 Nxe5 20. Ne4 Be7 21. Ng5 Bxg5 22. Bxg5 f5 23. Rae1 Qd5 {1/2-1/2 Adams,
M (2719)-Topalov,V (2788)/San Luis 2005/ (45)}) 13... Na5 (13... Nxd4 14. Bxd4
e5 15. Be3 exf4 16. Bd4 $1 Be7 $14) 14. b3 (14. Qf2 Nc4 15. Bc1 e5 16. Nde2 d5
$1 17. fxe5 Nxe5 18. Bf4 dxe4 19. Nxe4 Qxc2 $11 {Sutovsky,E-Kasparov,G/Tel
Aviv/1998/}) 14... Rb8 (14... d5 15. e5 Nd7 (15... Bb4 16. Ncb5 $1 Bxd2 17.
Nxc7 Bxe3 18. exf6 Bxd4 19. Nxe8 Bxa1 20. Rxa1 gxf6 21. g4 $16) 16. Nce2 f6 $2
17. Nxe6 $1 Rxe6 18. Bxd5 Nc5 19. f5 Qxe5 20. Bxc5 Bxc5 21. fxe6 Nc6 22. e7+
Be6 23. Bxc6 $18 {Navara,D-Pedersen, Morso 2002}) 15. Rad1 (15. Nde2 b6 16. Qe1
Nc6 17. Qf2 Nb4 18. Na2 Nxa2 19. Rxa2 Nd7 20. Bd4 Bb7 {Dolmatov - Kurnosov,
Istanbul 2003}) 15... Nc6 $146 {The first independent move in the game, after
15...b6 white can immediately strike in the center.} (15... b6 16. e5 dxe5 17.
fxe5 Nd7 18. Bf4 Nxe5 19. Qe3 f6 20. Ne4 {Jansa,V-Stohl,I/Koeln/2002/}) 16. Bf2
(16. Nxc6 bxc6 17. e5 Nd5 18. Bd4 $14) (16. e5 dxe5 17. Nxc6 bxc6 18. fxe5 Nd5
19. Bd4 Bb4 (19... Rd8 20. Ne4 c5 21. Ba1 c4 22. bxc4 Qxc4 23. Ng5 $16) 20. Qd3
Bxc3 21. Bxc3 Bb7 (21... Nxc3 22. Qxc3 c5 23. Rd6) 22. Be4 h6 23. Bd2 c5 24.
Qg3 $40) 16... Nd7 (16... Bd7 17. Nde2) (16... Nxd4 17. Qxd4 e5 18. Qd2 exf4
19. Bd4 $14) (16... e5 17. Nde2 Nb4 18. Bh4 Be7 19. f5 b6 $13) 17. Bg3 Nxd4 18.
Qxd4 b5 $6 {Topalov is an active player and thus he would love to complicate
white's plan with e4-e5 advance by generating counterplay on the queenside.} (
18... b6 19. f5 $14) 19. axb5 axb5 20. b4 $1 {Excellent solution by Adams is
fixating the pawn b5 as a target, teh defender will have more difficulties
bringing pieces into counterplay.} g6 $6 (20... Qc4 21. Be2 (21. Qxc4 bxc4 22.
b5) 21... Qc6 (21... Qxd4 22. Rxd4 Ba6) 22. e5) (20... e5 21. Qd2) (20... Ba6
$5 21. Ra1 Rec8 22. Ra3 Rb6 $14) 21. e5 d5 (21... Bg7 22. Ne4 d5 23. Nf6+ $16)
22. f5 $3 {[%mdl 128] Brilliant attacking move suggests, that the defense with
the idea 20...g6?! has missed the desired goals.} gxf5 (22... Qc4 23. fxe6 fxe6
24. Nxd5 $1 Qxd4 25. Rxd4 exd5 26. Bxd5+ Kh8 27. Bc6 $18) (22... Qb6 23. fxe6
fxe6 24. Nxd5 exd5 25. Bxd5+ Kh8 26. Qh4 Be7 27. Qh6 Bf8 28. Rxf8+ Nxf8 (28...
Rxf8 29. e6 $18) 29. e6 $1 Rb7 30. Be5+ Kg8 31. e7+ Ne6 32. Qg7#) (22... Bb7
23. fxe6 fxe6 24. Nxd5 exd5 25. Bxd5+ Bxd5 26. Qxd5+ Kh8 27. e6 $18) 23. Nxd5
$1 Qc4 (23... exd5 $2 24. e6 Qb6 25. exf7+ Kxf7 26. Bh5+ $18) 24. Qd2 $1 (24.
Nf6+ Nxf6 25. exf6 Qxd4 26. Rxd4 e5 $1 (26... Rb6 27. Be5) 27. Re1 Bb7 28. Bxe5
Ra8 $1 29. Bxb7 Rxe5 30. Rg1 $16) 24... h6 (24... exd5 25. Qg5+ $1 (25. Bxd5
Qg4 (25... Qxb4 26. Qg5+ Bg7 27. Bxf7+ $1 Kxf7 28. Qxf5+ Kg8 29. Qf7+ Kh8 30.
Qxe8+ Nf8 31. e6 $18)) 25... Bg7 (25... Kh8 26. Bxd5 Qg4 27. Qxg4 fxg4 28. Bxf7
Re7 29. e6 $18) 26. Bxd5 Qxc2 (26... Qg4 27. Qxg4 fxg4 28. Bxf7+ Kf8 29. Bh5+)
27. Bxf7+ $1 Kxf7 28. Qh5+ Kg8 (28... Kf8 29. Rxf5+) (28... Ke7 29. e6) 29. Rc1
$1 (29. Qxe8+ Nf8 30. Rc1 Qe2 31. e6 $18) 29... Qe4 30. Qxe8+ Nf8 31. Rc7 $18)
(24... Kh8 25. c3 $1 $16) 25. h3 $1 {The englishman was in a great form.
Surprizing quiet pawn move suggests, that Topalov is suffering due to
desperate lack of useful moves.} exd5 (25... Bg7 26. Nf6+) (25... Bb7 26. Ne3)
(25... Kh7 26. c3 $1) 26. Bxd5 Qxb4 27. c3 Qc5 $6 {Very few players are
excelling in the defensive tasks, the world champion has missed the last
chance for a stubborn resistance with the tough move 27...Qe7!} (27... Qa3 28.
Rxf5 Re7 29. Rxf7 Rxf7 30. e6 $18) (27... Qe7 $1 28. Rxf5 Nxe5 29. Rxe5 Be6 30.
Rxe6 fxe6 31. Bxb8 Rxb8 32. Qf4 $16) 28. Rxf5 Re6 (28... Re7 29. e6 $18) (28...
Nxe5 29. Rxe5 Rxe5 30. Bxe5 Rb6 31. Qf4 Qe7 32. Rf1 $18) 29. Rxf7 $1 Nb6 (29...
Kxf7 30. Qf4+ Ke8 (30... Ke7 31. Bh4+ $18) 31. Bxe6 Nxe5 32. Rd5 $18) 30. Rdf1
{Slightly more exact and punchy impression made a continuation of the attack
with 30.Qf4!, but even the doubling of rooks is tragic for opponent.} (30. Qf4
$1 Bg7 (30... Nxd5 31. Rxd5 Qa3 32. Rd8 (32. Qf5)) 31. Rf1 Nxd5 32. Qg4 $1 $18)
30... Nxd5 (30... Bg7 31. Qf4 Nxd5 32. Qg4 $18) 31. Rxf8+ Qxf8 32. Rxf8+ Kxf8
33. Qxd5 Ke8 34. Bh4 Bd7 35. Bf6 b4 36. Qe4 {Adams is not a calculating type,
but the more exact queen move 36.Qd3! was simple and would force immediate
capitulation.} (36. Qd3 $1 Rxf6 (36... Bc8 37. Qd8+ Kf7 38. Qc7+) (36... Bc6
37. Qg6+ Kd7 38. Qf7+) 37. exf6 $18) 36... Bc8 37. cxb4 Rb7 38. Qg6+ Kd7 39.
Qxh6 Kc7 40. Qf4 Kb8 41. h4 Rc7 42. h5 1-0

[Event "Dortmund SuperGM 34th"]
[Site "Dortmund"]
[Date "2006.08.02"]
[Round "4"]
[White "Adams, Michael"]
[Black "Gelfand, Boris"]
[Result "1-0"]
[WhiteElo "2732"]
[BlackElo "2729"]
[Annotator "Ftacnik,L"]
[PlyCount "233"]
[EventDate "2006.07.29"]
[EventType "tourn"]
[EventRounds "7"]
[EventCountry "GER"]
[EventCategory "19"]
[SourceTitle "CBM 114"]
[Source "ChessBase"]
[SourceDate "2006.10.02"]
[SourceVersion "1"]
[SourceVersionDate "2006.10.02"]
[SourceQuality "1"]

1. e4 c5 2. Nf3 d6 3. d4 cxd4 4. Nxd4 Nf6 5. Nc3 a6 6. a4 g6 7. Be2 Bg7 8. O-O
O-O 9. Be3 Nc6 10. Qd2 Nxd4 11. Bxd4 Be6 12. a5 Rc8 13. Bd3 {White has no real
reason to believe in advantage of his position, but he can certainly try to
get one.} (13. h3 Bc4 14. Rfe1 Bxe2 15. Rxe2 e6 16. Bb6 Qe7 17. Rd1 Rc6 18. Nd5
Qd7 19. Nxf6+ Bxf6 20. e5 Be7 21. h4 d5 {1/2 Cassidy,R-Caro,A/Tel Aviv 1964/ 
(45)}) (13. Rfc1 d5 14. exd5 Nxd5 15. Bxg7 Kxg7 16. Nxd5 Qxd5 17. Qb4 Rc7 18.
c4 Qe5 19. Bf3 Rd8 20. Re1 Qd6 21. Qc3+ {1/2 Anand,V (2762)-Gelfand,B (2681)/
Shenyang 2000/}) 13... Bc4 (13... Nd7 14. Bxg7 Kxg7 15. f4 Qc7 $13) 14. Rfd1
Qc7 (14... Nd7 15. Bxc4 Rxc4 16. Bxg7 Kxg7 17. b3 $14) 15. h3 Rfe8 (15... Be6
16. Ra4 $14) 16. Bxc4 Qxc4 17. Ra4 Qc6 18. Rb4 {Due to the somewhat clumsy
play by Gelfand the first player has made some progress.} Qc7 (18... Nxe4 $4
19. Nxe4 Qxe4 20. Bxg7 $18) 19. Rb6 Nd7 (19... Red8 20. Bxf6 Bxf6 21. Nd5 Qxc2
22. Nxf6+ exf6 23. Qxc2 Rxc2 24. Rxb7 Kg7 25. b4 $16) 20. Nd5 Qb8 (20... Qxc2
21. Rxb7 Bxd4 22. Rxd7 Qxd2 23. Rxd2 Rc4 24. Rxe7 $16) 21. Rb4 Ne5 22. Ra4 (22.
Nb6 Rc7 23. Bc3 Nc6 24. Rb3 $14) 22... Rc4 $2 {This is rather instructive
mistake as the defender was operating under the famous delusion: it must be
good to exchange pieces if you are under pressure. Unfortunately for Black now
it will become next to impossible to kick out the magnificent white knight
from d5.} (22... Rc6 23. b3 e6 24. Nb4 $14) 23. Rxc4 Nxc4 24. Qc3 Bxd4 (24...
Ne5 25. f4 e6 26. Nb6 Rd8 27. Rf1 $18) 25. Rxd4 Ne5 26. Rb4 Nc6 27. Rb6 Qc8 28.
b4 Qd7 (28... Rd8 $2 29. Rxc6 $18) 29. b5 $1 {Adams has played very well and
with simple means has managed to break through the solid black position.} axb5
(29... Na7 30. Qc7 $1 Qxc7 31. Nxc7 Rc8 32. Rxb7 Nxb5 33. Nxb5 axb5 34. a6 $18)
(29... Nb8 30. Qc7 $1 Qxc7 31. Nxc7 Rc8 32. Rxb7 $18) 30. a6 b4 31. Qa1 $6 {
The english grandmaster is a brilliant positional player, but finds it less
attractive to put the effort into proper calculations. It is costing him a
decisive advantage as he omits the witty combination with 32.Rxb7!} (31. Qc4
Ne5 32. Rxb7 $1 Qxb7 33. axb7 Nxc4 34. Nxe7+ Rxe7 (34... Kg7 35. Nc8 Nb6 36.
b8=Q Nxc8 37. Qxb4 $18) 35. b8=Q+ Kg7 36. Qxb4 $18) 31... bxa6 32. Qxa6 Nd4 33.
Rxb4 Ne6 $2 {Gelfand was not in best form on the day the game was played, on
several occasions he have missed better defensive options.} (33... Qc6 $1 34.
Qxc6 (34. Qa7 Ne2+ 35. Kh2 Qxc2 36. Nxe7+ Kg7 $11) 34... Nxc6 35. Rc4 Nb8 36.
Rc7 Kf8 37. f3 Na6 38. Ra7 Nc5 $14) 34. Rb7 Qc8 (34... Nc5 35. Rxd7 Nxa6 36.
Rxe7 Rb8 37. f3 $16) 35. Qb5 Kf8 (35... Nd4 $2 36. Qb2 Nc6 37. Rc7 Qa8 38. Qc3
$18) 36. Qb2 Ng7 (36... f6 37. Nxe7 $1 $18) 37. Nxe7 $1 Qc4 (37... Qe6 38. Nd5
Qxe4 39. Nf6 Qe1+ 40. Kh2 Rd8 41. Nxh7+ Kg8 42. Qf6 Qe5+ 43. Qxe5 dxe5 44. Nf6+
Kf8 45. Nd7+ Kg8 46. c4 $18) 38. Qf6 (38. Nd5 $142 $5) 38... Qxe4 39. Nf5 Qe1+
40. Kh2 Qe5+ 41. Qxe5 dxe5 (41... Rxe5 42. Nxd6 f5 (42... Nf5 43. Nxf7 Re2 44.
Ng5 $16) 43. Rf7+ Kg8 44. Rc7 Ne6 45. Re7 $16) 42. Nd6 {[%mdl 4096] The
problems are not over even after the exchange of the queens as the defender
will struggle to keep the disadvantage at a managable level.} Rd8 43. Nxf7 Rc8
(43... Rd2 44. c4 Rxf2 45. Nxe5 Re2 46. Nd7+ $16) 44. Ng5 $1 h5 (44... Rxc2 45.
Nxh7+ Kg8 46. Nf6+ Kf8 47. Nd7+ Kg8 48. Nxe5 $18) (44... h6 45. Nh7+ Kg8 46.
Nf6+ Kf8 47. Nd7+ Kg8 48. c4 $1 e4 (48... Rxc4 49. Rb8+ Kf7 50. Nxe5+ $18) 49.
Nf6+ Kf8 50. c5 Ne6 51. Rb5 Ke7 (51... Nxc5 52. Rxc5 Rxc5 53. Nd7+ $18) 52.
Nxe4 $18) 45. Nh7+ Kg8 46. Nf6+ Kf8 47. Nh7+ Kg8 48. Nf6+ Kf8 49. Nd7+ Kg8 50.
Rb2 $6 {Adams is sloppy again in the moment, when all it took was to find a
way how to avoid stalemate ideas.} (50. Nxe5 $1 Rxc2 51. Nxg6 Rxf2 (51... Nf5
52. Ne7+ Nxe7 53. Rxe7 Rxf2 54. Re5 h4 55. Re4 $18) 52. Rb8+ Kh7 53. Nf8+ Kh6 (
53... Kg8 54. Ne6+ Kh7 55. Rb7 $18) 54. Rb6+ Kg5 55. Rg6+ Kh4 56. Nd7 $1 (56.
Rxg7 $2 Rxg2+ 57. Kxg2 $11) 56... Nf5 57. Ne5 Nd4 58. Rg3 Rf6 59. Ng6+ Rxg6 60.
Rxg6 Nf3+ 61. Kh1 $1 $18) 50... Kf7 51. Nxe5+ Kf6 52. Nf3 Ne6 53. Rb6 Ke7 54.
Ne5 {Yet anothe second rate move in comparison to the winning 54.Nh4!.
Sometimes even the excentric moves can have great merit!} (54. Nh4 $1 g5 55.
Nf5+ Kf6 56. Nd4 $18) 54... g5 55. c4 (55. Rb7+ Kf6 56. Nd7+ Kf5 57. Rb5+ Kg6
58. c4 $18) 55... h4 (55... Rc5 56. Rb7+ Kd6 57. Nf7+ Kc6 58. Re7 $18) 56. Rb7+
Kf6 57. Ng4+ Kg6 58. Rb6 Kf7 {Naturally black must be objectively lost, but
the way to convert the advantage can be very arduous.} (58... Kf5 59. Ra6 Rc5
60. g3 Nd4 61. Kg2 $18) 59. Rb7+ Kg6 60. Ne3 Ra8 61. Rb6 Kf7 62. g3 Ra2 63. Kg2
hxg3 64. Kxg3 Nc5 65. Kf3 Nd3 66. Ng4 Ke7 67. Rb3 Nc5 68. Re3+ Kf7 69. Ne5+ Kf6
70. Ng4+ Kg6 71. Re5 Ra3+ 72. Ne3 Nd3 73. Rd5 Rc3 74. Rd4 Ra3 75. h4 gxh4 76.
Rxh4 Ra2 77. Rh2 Kf6 78. Ke4 Nc5+ (78... Nxf2+ 79. Rxf2+ $1 Rxf2 80. Ng4+ Ke6
81. Nxf2 $18) 79. Kd5 Nb3 80. f3 Ra5+ 81. Ke4 Nc5+ 82. Kf4 Ne6+ 83. Kg3 Ra3 84.
Re2 Kg5 85. Nc2 Ra6 86. Nb4 Rb6 87. Nd5 Rd6 88. Re5+ Kh6 89. Nf4 Nc7 90. c5 Rc6
91. Kg4 Kg7 92. Kf5 Kf7 93. Ke4 Ra6 94. Rf5+ Ke8 95. Ke5 Rc6 96. Nd3 Ke7 97.
Rh5 Re6+ 98. Kd4 Rf6 99. f4 Ra6 100. Rh7+ Kd8 101. f5 Ne8 102. Nb4 Ra1 103.
Nc6+ Kc8 104. Rh8 Kd7 105. Ne5+ Ke7 106. Ng6+ {Adams is truly tired after so
much work for the deserved point, that he forgets to finish the game by
coordinating the pieces.} (106. Rh6 $1 Rd1+ 107. Nd3 Nf6 108. c6 $18) 106...
Kd8 107. Kd5 Re1 108. c6 (108. Rf8 Kc7 109. Rf7+ Kc8 110. Kc6 Ra1 111. Ne7+ Kd8
112. Nd5 $18) 108... Rd1+ 109. Ke5 Kc7 110. Rxe8 Re1+ 111. Kd5 Rxe8 112. f6 $2
(112. Nf4 $1 Rd8+ (112... Re7 113. Ne6+ Kc8 114. f6 $18) 113. Kc5 Rd1 114. Nd5+
Kd8 115. Kd6 $18) 112... Rd8+ 113. Kc5 Rd1 $4 {The final act in comedy of
errors! Gelfand was not suspecting that at the end of a grinding game he will
be getting another chance.} (113... Ra8 $1 114. Ne5 (114. Ne7 Ra5+ 115. Kd4 Kd6
116. Nc8+ Kxc6 117. f7 Rd5+ 118. Ke4 Rd8) 114... Ra1 115. Kd5 (115. f7 Rf1 116.
Kd5 Rf6 $11) 115... Rd1+ 116. Ke6 Rd6+ 117. Ke7 Rd5 118. Ke6 Rd6+ 119. Kf5 Rd8
120. f7 Kd6 121. Kf6 Ra8 $11) 114. f7 Rc1+ 115. Kd5 Rd1+ 116. Ke6 Rf1 117. Ne7
(117. Ne7 Rf2 118. Nf5 $18) 1-0